[Event "Russian Cup Final 2014"]
[Site "Khanty-Mansiysk RUS"]
[Date "2014.11.21"]
[Round "3.1"]
[White "Goganov, Aleksey"]
[Black "Jakovenko, Dmitry"]
[Result "0-1"]
[WhiteTitle "GM"]
[BlackTitle "GM"]
[WhiteElo "2609"]
[BlackElo "2745"]
[WhiteFideId "24109959"]
[BlackFideId "4122356"]
[EventDate "2014.11.17"]

1. d4 Nf6 2. c4 e6 3. Nf3 b6 4. g3 Ba6 5. Qb3 Nc6 6. Nbd2 d5 7. Qa4 Bb7 8. Bg2
Bd6 9. O-O O-O 10. cxd5 exd5 11. Qd1 Re8 12. b3 a5 13. a3 Nb8 14. Bb2 Nbd7 15.
Re1 c5 16. a4 Ne4 17. Rc1 Rc8 18. Rc2 Ndf6 19. Nh4 c4 20. bxc4 Bb4 21. c5 Nxd2
22. Rxd2 bxc5 23. dxc5 Rxc5 24. Nf5 Bc8 25. Ne3 Be6 26. Bd4 Rc8 27. Rd3 Bxe1 28.
Qxe1 Ng4 29. Qd1 Nxe3 30. Bxe3 Qc7 31. Bxd5 Bxd5 32. Rxd5 Rcd8 33. Qb3 Rxd5 34.
Qxd5 h6 35. Qb5 Re4 36. Bb6 Qc2 37. Qxa5 Rxa4 38. Qb5 Qe4 39. f3 Rb4 40. fxe4
Rxb5 41. Bc7 Rb4 42. e5 Rb5 43. Bd6 Rd5 44. Kf2 f6 45. e4 Rd2+ 46. Ke3 Rxh2 47.
exf6 gxf6 48. g4 Rh3+ 49. Kf2 Kf7 50. Bf4 Kg6 51. Kg2 Ra3 52. Kf2 h5 53. gxh5+
Kxh5 54. Bd6 Ra6 55. Bc7 Rc6 56. Bb8 Rb6 57. Bc7 Rc6 58. Bb8 Kg4 59. Ke3 Rc8 60.
Bd6 Re8 61. Kd4 Kf3 62. e5 f5 63. Kd5 f4 64. e6 Kg4 65. Ke5 Rc8 66. Kd5 f3 67.
Bc5 Kf5 68. e7 Re8 69. Kd6 Kf6 70. Bd4+ Kf7 71. Ke5 Ra8 72. e8=Q+ Kxe8 73. Ke4
Ra4 0-1

[Event "Russian Cup Final 2014"]
[Site "Khanty-Mansiysk RUS"]
[Date "2014.11.22"]
[Round "3.2"]
[White "Matlakov, Maxim"]
[Black "Khismatullin, Denis"]
[Result "1/2-1/2"]
[WhiteTitle "GM"]
[BlackTitle "GM"]
[WhiteElo "2685"]
[BlackElo "2679"]
[WhiteFideId "4168003"]
[BlackFideId "4142578"]
[EventDate "2014.11.17"]

1. Nf3 g6 2. d4 Bg7 3. e4 d6 4. Be2 Nf6 5. Nc3 O-O 6. O-O c6 7. a4 Qa5 8. Be3
Bg4 9. h3 Bxf3 10. Bxf3 Nbd7 11. Qd2 c5 12. dxc5 dxc5 13. Nd5 Qxd2 14. Nxe7+ Kh8
15. Bxd2 Rae8 16. Nd5 Nxe4 17. Bf4 f5 18. Rad1 Rf7 19. c3 c4 20. Ne3 Rc8 21. Be2
g5 22. Bh2 f4 23. Nxc4 Re7 24. Bg4 Rxc4 25. Bxd7 Bf6 26. Rfe1 a6 27. g3 Nc5 28.
Rxe7 Bxe7 29. gxf4 gxf4 30. Kg2 Kg7 31. Kf3 Bg5 32. h4 Bh6 33. Rd6 Nxa4 34. Bxa4
Rxa4 35. Rd7+ Kg6 36. Rxb7 a5 37. b3 Ra2 38. Rb6+ Kg7 39. Rb7+ Kg6 40. Rb6+ 1/2-1/2

[Event "Russian Cup Final 2014"]
[Site "Khanty-Mansiysk RUS"]
[Date "2014.11.22"]
[Round "3.2"]
[White "Jakovenko, Dmitry"]
[Black "Goganov, Aleksey"]
[Result "0-1"]
[WhiteTitle "GM"]
[BlackTitle "GM"]
[WhiteElo "2745"]
[BlackElo "2609"]
[WhiteFideId "4122356"]
[BlackFideId "24109959"]
[EventDate "2014.11.17"]

1. d4 Nf6 2. Nf3 c5 3. d5 b5 4. Bg5 Qb6 5. Bxf6 Qxf6 6. c3 d6 7. e4 a6 8. Nbd2
g5 9. a4 g4 10. Ng1 b4 11. Qc2 bxc3 12. bxc3 Bg7 13. Ra3 Nd7 14. Nc4 Rb8 15. Bd3
Ne5 16. Ne2 h5 17. Nxe5 Qxe5 18. O-O h4 19. Rb1 Rxb1+ 20. Qxb1 f5 21. exf5 O-O
22. c4 Bxf5 23. Rb3 Bxd3 24. Qxd3 Qa1+ 25. Rb1 Qxa4 26. g3 Qd7 27. Nf4 Qf5 28.
Qxf5 Rxf5 29. Rb6 Re5 30. gxh4 Re4 31. Ne6 Bf6 32. Rxa6 Rxc4 33. h5 Rc2 34. Kg2
c4 35. Kg3 c3 36. Rc6 Rd2 37. Kxg4 c2 38. f4 Bb2 39. Rc8+ Kh7 40. Ng5+ Kg7 0-1

[Event "Russian Cup Final 2014"]
[Site "Khanty-Mansiysk RUS"]
[Date "2014.11.22"]
[Round "3.3"]
[White "Jakovenko, Dmitry"]
[Black "Goganov, Aleksey"]
[Result "1/2-1/2"]
[WhiteTitle "GM"]
[BlackTitle "GM"]
[WhiteElo "2745"]
[BlackElo "2609"]
[WhiteFideId "4122356"]
[BlackFideId "24109959"]
[EventDate "2014.11.17"]

1. Nf3 Nf6 2. c4 c5 3. Nc3 Nc6 4. g3 g6 5. Bg2 Bg7 6. d4 cxd4 7. Nxd4 O-O 8. O-O
Qa5 9. Nb3 Qh5 10. Nd5 d6 11. Nf4 Qe5 12. e4 a5 13. a4 Ra6 14. Re1 Nb4 15. Nd5
Nfxd5 16. cxd5 Qf6 17. h3 e6 18. e5 dxe5 19. Nc5 exd5 20. Nxa6 bxa6 21. Bd2 Nd3
22. Re2 e4 23. Bc3 Qb6 24. Bxg7 Kxg7 25. Qd2 Bf5 26. Kh2 Kg8 27. f3 exf3 28.
Bxf3 Rd8 29. Rf1 Nb4 30. Rfe1 d4 31. Re8+ Rxe8 32. Rxe8+ Kg7 33. h4 h5 34. Be4
Bxe4 35. Rxe4 d3 36. Qc3+ Kh7 37. Re8 Qf2+ 38. Kh1 Qf1+ 39. Kh2 Qf2+ 1/2-1/2

[Event "Russian Cup Final 2014"]
[Site "Khanty-Mansiysk RUS"]
[Date "2014.11.22"]
[Round "3.4"]
[White "Goganov, Aleksey"]
[Black "Jakovenko, Dmitry"]
[Result "1/2-1/2"]
[WhiteTitle "GM"]
[BlackTitle "GM"]
[WhiteElo "2609"]
[BlackElo "2745"]
[WhiteFideId "24109959"]
[BlackFideId "4122356"]
[EventDate "2014.11.17"]

1. d4 Nf6 2. c4 e6 3. Nf3 b6 4. g3 Ba6 5. b3 d5 6. Bg2 Bb4+ 7. Bd2 Bxd2+ 8. Qxd2
c6 9. Ne5 Nfd7 10. Nxd7 Nxd7 11. O-O O-O 12. Rc1 Rc8 13. cxd5 cxd5 14. Rxc8 Qxc8
15. Na3 1/2-1/2

[Event "Russian Cup Final 2014"]
[Site "Khanty-Mansiysk RUS"]
[Date "2014.11.22"]
[Round "3.5"]
[White "Jakovenko, Dmitry"]
[Black "Goganov, Aleksey"]
[Result "1-0"]
[WhiteTitle "GM"]
[BlackTitle "GM"]
[WhiteElo "2745"]
[BlackElo "2609"]
[WhiteFideId "4122356"]
[BlackFideId "24109959"]
[EventDate "2014.11.17"]

1. Nf3 d5 2. d4 Nf6 3. c4 e6 4. Nc3 Be7 5. Bg5 h6 6. Bh4 O-O 7. Qc2 c6 8. e3
Nbd7 9. Rd1 a6 10. b3 b5 11. Bd3 bxc4 12. bxc4 dxc4 13. Bxc4 Qa5 14. O-O c5 15.
d5 Nb6 16. Bxf6 Bxf6 17. Ne4 Be7 18. dxe6 Bxe6 19. Bxe6 fxe6 20. Ne5 Qa4 21.
Qxa4 Nxa4 22. Rd7 Bf6 23. Nxf6+ gxf6 24. Ng4 h5 25. Nh6+ Kh8 26. Rc1 Rab8 27. h3
Rb2 28. Rc7 Rfb8 29. Nf7+ Kg8 30. Nh6+ Kh8 31. Nf7+ Kg8 32. Kh2 Rb1 33. Rxb1
Rxb1 34. Nd8 e5 35. Kg3 Rb2 36. Ne6 Rxa2 37. Kh4 Rxf2 38. Rg7+ Kh8 39. Kxh5 Nc3
40. Kh6 Rf5 41. Rf7 1-0

[Event "Russian Cup Final 2014"]
[Site "Khanty-Mansiysk RUS"]
[Date "2014.11.23"]
[Round "4.1"]
[White "Jakovenko, Dmitry"]
[Black "Matlakov, Maxim"]
[Result "1-0"]
[WhiteTitle "GM"]
[BlackTitle "GM"]
[WhiteElo "2745"]
[BlackElo "2685"]
[WhiteFideId "4122356"]
[BlackFideId "4168003"]
[EventDate "2014.11.17"]

1. c4 Nf6 2. Nf3 c6 3. g3 d5 4. Bg2 Bf5 5. O-O e6 6. cxd5 exd5 7. d3 Na6 8. a3
Be7 9. b4 Nc7 10. Nd4 Qd7 11. Nxf5 Qxf5 12. Bb2 a5 13. e4 dxe4 14. dxe4 Qd7 15.
Qxd7+ Nxd7 16. b5 Nxb5 17. a4 Nd6 18. Bxg7 Rg8 19. Bd4 Nc4 20. Rc1 Nce5 21. Nd2
O-O-O 22. Nb3 Bb4 23. Rc2 Kb8 24. Kf1 c5 25. Nxc5 Nxc5 26. Bxe5+ Ka7 27. Bf4 b5
28. axb5 Kb6 29. Bf3 Rd3 30. Be2 Rc3 31. Rxc3 Bxc3 32. Rd1 a4 33. Be3 Rc8 34.
Rd6+ Ka5 35. Rc6 Rxc6 36. bxc6 Nxe4 37. c7 Nd6 38. Bc5 1-0

[Event "Russian Cup Final 2014"]
[Site "Khanty-Mansiysk RUS"]
[Date "2014.11.24"]
[Round "4.2"]
[White "Matlakov, Maxim"]
[Black "Jakovenko, Dmitry"]
[Result "1/2-1/2"]
[WhiteTitle "GM"]
[BlackTitle "GM"]
[WhiteElo "2685"]
[BlackElo "2745"]
[WhiteFideId "4168003"]
[BlackFideId "4122356"]
[EventDate "2014.11.17"]

1. Nf3 Nf6 2. g3 g6 3. c4 Bg7 4. Bg2 O-O 5. Nc3 d5 6. cxd5 Nxd5 7. h4 h6 8. O-O
Nc6 9. d3 Nb6 10. Bd2 e5 11. Ne4 Nd4 12. Rc1 c6 13. Nc5 a5 14. e4 Bg4 15. Be3
Nd7 16. Bxd4 exd4 17. Qd2 Nxc5 18. Rxc5 Qb6 19. Rcc1 Be6 20. a3 c5 21. Kh2 Rac8
22. Bh3 a4 23. Bxe6 Qxe6 24. Ng1 c4 25. Ne2 b5 26. Rfd1 Rfd8 27. Nf4 Qd6 28. Qe2
c3 29. Nd5 Re8 30. Rc2 f5 31. bxc3 dxc3 32. Rb1 Rc5 33. Qf3 fxe4 34. dxe4 Rc4
35. Rxb5 Rcxe4 36. Nxc3 Rxh4+ 37. Kg2 Rc4 38. Re2 Rxe2 39. Nxe2 Qc6 40. Rd5 Kh7
41. Nf4 Rd4 42. Kh2 g5 43. Qe2 1/2-1/2